Analytic topology /
Guardado en:
| Autor Principal: | |
|---|---|
| Formato: | Libro |
| Idioma: | English |
| Publicado: |
New York :
American Mathematical Society,
1942.
|
| Series: | American Mathematical Society Colloquium publications ;
v. 28 |
| Etiquetas: |
Agregar Etiqueta
Sin Etiquetas, Sea el primero en etiquetar este registro!
|
| LEADER | 00793nam a22001935a 4500 | ||
|---|---|---|---|
| 001 | MAT.inmabb000607 | ||
| 008 | 031118r19551942nyu###########001#0#eng#d | ||
| 005 | 20130326131454.0 | ||
| 245 | 1 | 0 | |a Analytic topology / |c by Gordon Thomas Whyburn. |
| 260 | |a New York : |b American Mathematical Society, |c 1942. | ||
| 300 | |a x, 280 p. ; |c 26 cm. | ||
| 440 | 0 | |a American Mathematical Society Colloquium publications ; |v v. 28 | |
| 500 | |a "An elaboration on [the author's] ... Colloquium lectures delivered before the American Mathematical Society at its September 1940 meeting at Dartmouth College". | ||
| 510 | 4 | |a MR, |c 4,86b | |
| 020 | |a 0821810286 | ||
| 100 | 1 | |a Whyburn, Gordon Thomas, |d 1904- | |
| 084 | |a 54 |2 msc2000 | ||
| 859 | |h 54 |i W629 |p A-404 |b BIB. MATEMATICA | ||
| 859 | |h 54 |i W629 |p A-8627 |t Ej.2 |b BIB. MATEMATICA | ||
